Industrial gas and energy utilization.

Bibliographic Details
New Title:Modern industrial energy
Previous Title:Industrial gas; energy utilization
Format: Journal
Language:English
Published: Stamford, Ct : Industrial Gas Magazine, inc.
Subjects:
Online Availability: Check for online availability

MARC

Tag First Indicator Second Indicator Subfields
LEADER 00000cas a2200000 4500
001 in00000096294
005 20150925090033.0
008 781005d19771979ctumr1p 0uuua0eng d
010 |a  78648408  
012 |a 4  |e n 
022 0 |a 0163-7193 
035 |a (OCoLC)04269910 
035 |9 AAL2259AM 
037 |b Industrial Gas Magazine, 209 Dunn Ave., Stamford, Ct., 06905 
037 |c $10.00 
040 |a KSU  |c KSU  |d DLC  |d NSD  |d DLC  |d TXA  |d UtOrBLW 
042 |a lc  |a nsdp 
049 |a TXAE 
082 0 |a 665/.7/05 
090 |a TP345.A1  |b I5 
222 0 |a Industrial gas & energy utilization 
245 0 0 |a Industrial gas and energy utilization. 
246 1 7 |a Industrial gas  |f <June 1978> 
246 0 3 |a Industrial gas & energy utilization 
264 1 |a Stamford, Ct :  |b Industrial Gas Magazine, inc. 
300 |a 2 volumes :  |b illustrations ;  |c 29 cm. monthly. 
336 |a text  |b txt  |2 rdacontent 
337 |a unmediated  |b n  |2 rdamedia 
338 |a volume  |b nc  |2 rdacarrier 
362 0 |a v. 57, no. 6-v. 59, no. 1; June 1977-Jan. 1979. 
650 0 |a Gas as fuel  |x Periodicals. 
650 0 |a Energy conservation  |v Periodicals. 
780 0 0 |t Industrial gas; energy utilization 
785 0 0 |t Modern industrial energy  |x 0164-4262 
999 |a MARS 
999 f f |s 80ddd66e-2ff8-3f07-a89a-ffd2dc65fe69  |i 698b38ad-6255-3354-aab0-ea057cf7f313  |t 0 
952 f f |p ric  |a Texas A&M University  |b Rellis Campus  |c Joint Library Facility  |d Remote Storage  |t 0  |e TP345.A1 I5  |h Library of Congress classification  |i unmediated -- volume  |k v.58  |l 1978  |m A14841206769 
952 f f |p ric  |a Texas A&M University  |b Rellis Campus  |c Joint Library Facility  |d Remote Storage  |t 0  |e TP345.A1 I5  |h Library of Congress classification  |i unmediated -- volume  |k v.59  |l 1979  |m A14841206808 
998 f f |a TP345.A1 I5  |s v.58 (1978)- v.59: (1979)  |t 0  |l Remote Storage